000
00216nam a22000857a 4500
008
161103b xxu||||| |||| 00| 0 eng d
100
_9
1020
_a
Mittal. r. s. etal
245
_a
Lab Physics xii
260
_a
New Delhi
_b
APC
_c
2012
999
_c
3679
_d
3679